[Event "Aeroflot Open B 2017"]
[Site "Moscow RUS"]
[Date "2017.02.25"]
[Round "5.9"]
[White "Dvalishvili, Pavel S."]
[Black "Gasanov, Eldar"]
[Result "1/2-1/2"]
[WhiteTitle "IM"]
[BlackTitle "GM"]
[WhiteElo "2420"]
[BlackElo "2479"]
[WhiteFideId "4121996"]
[BlackFideId "14104466"]
[EventDate "2017.02.21"]

1. e4 c5 2. Nf3 Nc6 3. Bb5 g6 4. Bxc6 bxc6 5. O-O Bg7 6. Re1 Nh6 7. h3 O-O 8. c3
f5 9. e5 Nf7 10. d4 cxd4 11. cxd4 c5 12. d5 e6 13. Nc3 Bb7 14. Qb3 Qb6 15. Qc4
Rfe8 16. Be3 Rac8 17. Rac1 Nxe5 18. Nxe5 Bxe5 19. Na4 Qb4 20. dxe6 dxe6 21. Nxc5
Qxc4 22. Rxc4 Bd5 23. Ra4 Bxb2 24. Nd3 Bc3 25. Rd1 a5 26. Bd2 Be4 27. Bxc3 Rxc3
28. Ne5 Ra8 29. Rd6 Bd5 30. Rd7 Rc1+ 31. Kh2 Re1 32. Rh4 1/2-1/2

[Event "Aeroflot Open B 2017"]
[Site "Moscow RUS"]
[Date "2017.02.25"]
[Round "5.10"]
[White "Oganian, Miran"]
[Black "Ofitserian, Boris"]
[Result "1/2-1/2"]
[WhiteTitle "IM"]
[BlackTitle "FM"]
[WhiteElo "2452"]
[BlackElo "2365"]
[WhiteFideId "4122488"]
[BlackFideId "24199443"]
[EventDate "2017.02.21"]

1. d4 Nf6 2. c4 g6 3. Nc3 d5 4. Bg5 Ne4 5. Bh4 Nxc3 6. bxc3 dxc4 7. e3 Be6 8.
Be2 Bg7 9. Nh3 Bxh3 10. gxh3 Qd7 11. Bg4 e6 12. Bf3 c6 13. Bg3 O-O 14. O-O Qe7
15. Qe2 h5 16. Qxc4 h4 17. Bxb8 Raxb8 18. Rab1 Rfd8 19. Qa4 Ra8 20. Rb3 e5 21.
Rfb1 Rd7 22. Bg2 e4 23. Qa3 Qxa3 24. Rxa3 f5 25. c4 Bf8 26. c5 b6 27. Rxb6 axb6
28. Rxa8 bxc5 29. dxc5 Rd1+ 30. Bf1 Rc1 31. Ra4 Bxc5 32. Rc4 Rxc4 33. Bxc4+ Kg7
34. a4 Bb6 35. Be6 Kf6 36. Bd7 c5 37. Bb5 g5 38. Kg2 Bc7 39. Bc4 Ke5 40. Bb3 Ba5
41. Kf1 Bc7 42. Kg2 f4 43. Bc4 Ba5 44. Kf1 f3 45. Bb3 Kd6 46. Ba2 Bc3 47. Bb3
Kc6 48. Bc4 Be5 49. a5 Bxh2 50. a6 Bb8 51. Kg1 Kd6 52. Bg8 Ke5 53. Kh1 Kf5 54.
Bh7+ Ke5 55. Bg8 Kf5 56. Bh7+ Ke5 57. Bg8 Kd6 58. Bc4 Kc6 59. Kg1 1/2-1/2

[Event "Aeroflot Open B 2017"]
[Site "Moscow RUS"]
[Date "2017.02.25"]
[Round "5.11"]
[White "Lugovskoy, Maxim"]
[Black "Chen, Qi b"]
[Result "1-0"]
[WhiteTitle "IM"]
[WhiteElo "2447"]
[BlackElo "2328"]
[WhiteFideId "24126454"]
[BlackFideId "8614733"]
[EventDate "2017.02.21"]

1. e4 c5 2. c3 Nf6 3. e5 Nd5 4. d4 cxd4 5. cxd4 d6 6. Nf3 Nc6 7. Bc4 e6 8. O-O
Be7 9. Qe2 O-O 10. Rd1 Qc7 11. Bxd5 exd5 12. Nc3 Be6 13. Bf4 a6 14. exd6 Bxd6
15. Bxd6 Qxd6 16. Ne5 Ne7 17. Rac1 Rac8 18. Qd2 Rc7 19. Re1 Rfc8 20. Re2 f6 21.
Nd3 Nf5 22. Ne1 Bf7 23. h3 Qb6 24. Nf3 Nd6 25. Qf4 Ne4 26. Rec2 Qd6 27. Qe3 Bg6
28. Ne1 Ng5 29. Re2 Bh5 30. f3 Re8 31. Qd2 Rce7 32. Rxe7 Rxe7 33. Ne2 Re8 34. h4
Ne6 35. Nd3 Bf7 36. Qb4 Qd7 37. Qd2 b6 38. Ndf4 Nxf4 39. Nxf4 h6 40. h5 Qf5 41.
Rc6 Qg5 42. Rxb6 Qh4 43. Ne2 Bxh5 44. Rxa6 Rc8 45. g3 Qh3 46. Ra3 Qf5 47. Qd3
Qxd3 48. Rxd3 Rc2 49. Nf4 Bf7 50. Rb3 Rd2 51. Rb4 g5 52. Ng2 Bg6 53. Ne3 h5 54.
Nxd5 Kf7 55. a4 Ke6 56. Ne3 Bd3 57. a5 Re2 58. Rb6+ Kd7 59. Ng2 f5 60. a6 Kc7
61. a7 Re8 62. Rg6 g4 63. f4 Kb7 64. Rg7+ Kb6 65. Ne3 Ka6 66. Re7 Rc8 67. Nd5
Be4 68. a8=Q+ 1-0

[Event "Aeroflot Open B 2017"]
[Site "Moscow RUS"]
[Date "2017.02.25"]
[Round "5.12"]
[White "Demidov, Mikhail"]
[Black "Fakhrutdinov, Timur"]
[Result "1/2-1/2"]
[WhiteTitle "IM"]
[BlackTitle "FM"]
[WhiteElo "2534"]
[BlackElo "2430"]
[WhiteFideId "4197143"]
[BlackFideId "24176702"]
[EventDate "2017.02.21"]

1. Nf3 Nf6 2. g3 d5 3. Bg2 e6 4. O-O Be7 5. c4 O-O 6. d3 c5 7. b3 Nc6 8. Bb2 d4
9. e3 e5 10. exd4 exd4 11. a3 Bf5 12. Qc2 a5 13. Nbd2 h6 14. Rae1 Qc7 15. Re2
Rfe8 16. Rfe1 Bf8 17. Nh4 Bg4 18. Rxe8 Rxe8 19. Rxe8 Nxe8 20. h3 Be6 21. Ne4 Be7
22. Nf3 f5 23. Ned2 Bd6 24. Qd1 Nf6 25. Bc1 Qf7 26. Qe2 Bd7 27. Ne1 b6 28. f4
Qe7 29. Qxe7 Nxe7 30. Ndf3 a4 31. b4 cxb4 32. axb4 Bxb4 33. Nc2 Bc5 34. Nfxd4 b5
35. Ba3 Bxa3 36. Nxa3 bxc4 37. dxc4 Ne4 38. Kh2 Nc6 39. Ndb5 Nc5 40. Kg1 Na5 41.
Nc3 Kf8 42. Kf2 Ke7 43. Ke3 Ncb3 44. Kd3 Nc5+ 45. Kd4 Nab3+ 46. Ke3 Na5 47. Kd4
Nab3+ 48. Ke3 Na5 49. Bf3 Kd6 50. Ncb5+ Ke7 51. Nc3 Kd6 52. Ncb5+ Ke7 53. Bd5
Nab3 54. h4 Be6 55. Bf3 Na5 56. Bd5 Bxd5 57. cxd5 Ne4 58. Kd4 Nxg3 59. Ke5 Nb3
60. Nc4 Nc5 61. d6+ Kd8 62. Kd5 Nd3 63. Ne5 Nxf4+ 64. Kc6 Ne6 65. Kd5 Nf4+ 66.
Kc6 Ne6 67. Kd5 Nf8 68. Kc4 f4 69. Nd4 Ne4 70. Kd5 Nf6+ 71. Kc4 a3 72. Kb3 Ne4
73. Nf5 g6 74. Nxh6 Nxd6 75. Kxa3 Ke7 76. Kb3 Ke6 77. Nd3 f3 78. Kc2 Nf5 79. Ng4
Nxh4 80. Kd2 g5 81. Ke3 Nd7 82. Nh2 Nf6 83. Nxf3 1/2-1/2

[Event "Aeroflot Open B 2017"]
[Site "Moscow RUS"]
[Date "2017.02.25"]
[Round "5.15"]
[White "Pustovoitova, Daria"]
[Black "Gavrilov, Alexei1"]
[Result "1/2-1/2"]
[WhiteTitle "FM"]
[BlackTitle "GM"]
[WhiteElo "2407"]
[BlackElo "2495"]
[WhiteFideId "4182146"]
[BlackFideId "4104358"]
[EventDate "2017.02.21"]

1. Nf3 d5 2. d4 Nf6 3. c4 c6 4. Nc3 dxc4 5. a4 e6 6. e4 Bb4 7. e5 Nd5 8. Bd2 b5
9. axb5 Bxc3 10. bxc3 cxb5 11. Ng5 Nd7 12. Qh5 Qe7 13. h4 Bb7 14. Ne4 O-O 15.
Nd6 Bc6 16. Rh3 f6 17. Rg3 fxe5 18. dxe5 Nf4 19. Qh6 Kh8 20. Rxg7 Qxg7 21. Bxf4
a5 22. g3 Nc5 23. Qh5 Qg6 24. Qxg6 hxg6 25. Be3 Nb3 26. Ra2 Rfb8 27. f4 Bd5 28.
Kd1 Kg7 29. Kc2 Ra6 30. Be2 Rc6 31. Kb2 Kg8 32. Bd1 b4 33. Ra4 Ra6 34. Bc2 Kg7
35. Bd1 bxc3+ 36. Kxc3 Rb4 37. Ra2 Ra8 38. Bc2 Rab8 39. Ra3 Bf3 40. Nxc4 a4 41.
Ba7 Rxc4+ 42. Kxc4 Rc8+ 43. Kd3 Bg4 44. Bxb3 Bf5+ 45. Kd4 Rd8+ 46. Kc4 axb3 47.
Rxb3 Kh6 48. Kc5 Kh5 49. Kc6 Kg4 50. Bf2 Rd2 51. Be1 Be4+ 52. Kc7 Rd1 53. Bb4
Bd3 54. Be1 Bc2 55. Re3 Bf5 56. Bb4 Rd3 57. Rxd3 Bxd3 58. Be1 Bf5 59. Kd6 Kh5
60. Ke7 Bg4 1/2-1/2

[Event "Aeroflot Open B 2017"]
[Site "Moscow RUS"]
[Date "2017.02.25"]
[Round "5.16"]
[White "Matinian, Nikita"]
[Black "Sadovsky, Artem"]
[Result "1-0"]
[WhiteTitle "IM"]
[WhiteElo "2494"]
[BlackElo "2416"]
[WhiteFideId "24129100"]
[BlackFideId "4155840"]
[EventDate "2017.02.21"]

1. e4 g6 2. d4 Bg7 3. Nc3 c6 4. f4 d5 5. e5 h5 6. Nf3 Nh6 7. Be3 Bg4 8. h3 Nf5
9. Bf2 Bxf3 10. Qxf3 h4 11. Bd3 e6 12. Nd1 Bf8 13. c3 Nd7 14. Ne3 Be7 15. O-O
Qb6 16. b4 a5 17. a3 Qa7 18. Nc2 Nb6 19. b5 Kd7 20. Rfb1 Rac8 21. c4 Nxc4 22.
Bxc4 dxc4 23. d5 Bc5 24. dxc6+ bxc6 25. b6 Bxf2+ 26. Qxf2 Qb7 27. a4 Rhd8 28.
Na3 Ke8 29. Nxc4 Rd5 30. Nd2 c5 31. Ne4 Rd3 32. Rd1 Rd4 33. Rac1 Qd5 34. Qe2 Rd8
35. Rxd4 Nxd4 36. Qd3 Kf8 37. Nd6 Rb8 38. b7 Nb3 39. Rc3 Nd4 40. Rc4 Kg7 41. Kh1
g5 42. Qd1 Rxb7 43. Qh5 gxf4 44. Ne8+ Kf8 45. Nf6 Rb1+ 46. Kh2 Qd8 47. Rxc5 Ke7
48. Ne4 Nf3+ 49. Qxf3 Qd4 50. Qf2 Qxe4 51. Rc7+ Ke8 52. Qxh4 1-0

[Event "Aeroflot Open B 2017"]
[Site "Moscow RUS"]
[Date "2017.02.25"]
[Round "5.17"]
[White "Deviatkin, Andrei"]
[Black "Bakunts, Rafael"]
[Result "1/2-1/2"]
[WhiteTitle "GM"]
[WhiteElo "2485"]
[BlackElo "2386"]
[WhiteFideId "4121260"]
[BlackFideId "13304097"]
[EventDate "2017.02.21"]

1. Nf3 d5 2. g3 g6 3. Bg2 Bg7 4. O-O e5 5. d3 Ne7 6. e4 O-O 7. Nbd2 Nbc6 8. c3
a5 9. a4 h6 10. Qc2 Be6 11. b3 g5 12. Ba3 Re8 13. Rad1 Ng6 14. d4 dxe4 15. Nxe5
Ncxe5 16. dxe5 Bg4 17. f3 exf3 18. Nxf3 Qc8 19. Rd2 Nxe5 20. Nxe5 Rxe5 21. c4
Bf5 22. Qd1 Bg4 23. Qc2 Bf5 24. Qd1 Bg4 25. Qc2 1/2-1/2

[Event "Aeroflot Open B 2017"]
[Site "Moscow RUS"]
[Date "2017.02.25"]
[Round "5.19"]
[White "Atabayev, Yusup"]
[Black "Charochkina, Daria"]
[Result "1/2-1/2"]
[WhiteTitle "IM"]
[BlackTitle "IM"]
[WhiteElo "2475"]
[BlackElo "2383"]
[WhiteFideId "14001128"]
[BlackFideId "4180917"]
[EventDate "2017.02.21"]

1. e4 c6 2. d4 d5 3. Nc3 dxe4 4. Nxe4 Bf5 5. Ng3 Bg6 6. h4 h6 7. Nf3 Nd7 8. h5
Bh7 9. Bd3 Bxd3 10. Qxd3 e6 11. Bf4 Qa5+ 12. Bd2 Bb4 13. c3 Be7 14. c4 Qc7 15.
O-O-O Ngf6 16. Kb1 O-O 17. Ne4 Rad8 18. Bc3 Nxe4 19. Qxe4 Nf6 20. Qc2 c5 21.
dxc5 Qxc5 22. Ne5 b5 23. cxb5 Qxb5 24. b3 Rc8 25. Qd3 Qb7 26. Bb2 Rfd8 27. Qf3
Rxd1+ 28. Rxd1 Qxf3 29. Nxf3 Nxh5 30. Rd7 Bc5 31. Ne5 Nf6 32. Rxf7 Bxf2 33. Rb7
Ne8 34. Re7 Bc5 35. Rxe6 Nf6 36. Nd3 Bb6 37. Bxf6 Kf7 38. Rxb6 axb6 39. Bd4 b5
40. Kb2 g5 41. a4 bxa4 42. bxa4 Ke6 43. a5 Kd5 44. Bf2 Kc4 45. Kc2 Kb5+ 46. Kd2
Kxa5 47. Ke3 Re8+ 48. Kf3 Kb5 1/2-1/2

[Event "Aeroflot Open B 2017"]
[Site "Moscow RUS"]
[Date "2017.02.25"]
[Round "5.20"]
[White "Lesovoi, Evgenij"]
[Black "Diermair, Andreas"]
[Result "1/2-1/2"]
[BlackTitle "IM"]
[WhiteElo "2323"]
[BlackElo "2465"]
[WhiteFideId "24164135"]
[BlackFideId "1612468"]
[EventDate "2017.02.21"]

1. Nf3 d5 2. d4 Nf6 3. c4 e6 4. e3 a6 5. b3 c5 6. Be2 Nc6 7. O-O cxd4 8. exd4
Be7 9. Bb2 O-O 10. Nbd2 b6 11. Rc1 Bb7 12. Bd3 Bd6 13. Qe2 Bf4 14. Rcd1 Re8 15.
Rfe1 Rc8 16. Nf1 Qc7 17. Ne5 dxc4 18. bxc4 Rcd8 19. Nf3 Na5 20. N1d2 Qc6 21. Bc3
Qa4 22. Rb1 Bc7 23. Rb4 Qc6 24. Rbb1 Qa4 25. Rb4 Qc6 26. Rbb1 1/2-1/2

[Event "Aeroflot Open B 2017"]
[Site "Moscow RUS"]
[Date "2017.02.25"]
[Round "5.21"]
[White "Kotanjian, Tigran"]
[Black "Salman, Pavel"]
[Result "1/2-1/2"]
[WhiteTitle "GM"]
[BlackTitle "FM"]
[WhiteElo "2464"]
[BlackElo "2197"]
[WhiteFideId "13301250"]
[BlackFideId "24153753"]
[EventDate "2017.02.21"]

1. d4 Nf6 2. c4 c5 3. d5 b5 4. cxb5 a6 5. bxa6 g6 6. Nc3 Bg7 7. e4 O-O 8. Nf3
Qa5 9. Nd2 Bxa6 10. Bxa6 Qxa6 11. Qe2 e6 12. Nc4 Re8 13. Ne3 Nxe4 14. Nxe4 exd5
15. Nxc5 Qa5+ 16. Qd2 Qxc5 17. O-O d4 18. Ng4 Nc6 19. Nh6+ Kf8 20. a4 d6 21. Qf4
Qd5 22. Bd2 Re4 23. Qg3 Re2 24. Bf4 Be5 25. Ng4 Qe6 26. Rac1 Bxf4 27. Qxf4 Ne5
28. Nxe5 Qxe5 29. Qf3 Qe4 30. Qa3 Kg7 31. b4 d3 32. Qc3+ Qe5 33. Qxd3 Rxa4 34.
Rb1 Rb2 35. f4 Qf6 36. Rxb2 Qxb2 37. f5 Ra1 38. b5 Rxf1+ 39. Kxf1 gxf5 40. Qxf5
Qd4 41. Ke2 d5 42. Qd3 Qe5+ 43. Kd1 Kf6 44. Kc2 d4 45. Kb3 Qe6+ 46. Kb4 Ke5 47.
Qe2+ Kd5 48. Qf3+ Ke5 49. Qh5+ Ke4 50. Qe2+ Kd5 51. Qf3+ Ke5 52. g4 Qe7+ 53. Kb3
Qe6+ 54. Kb2 Qc4 55. Qf5+ Kd6 56. b6 Qb4+ 57. Kc2 Qxb6 58. Qf6+ Kc5 59. Qe7+ Qd6 1/2-1/2

[Event "Aeroflot Open B 2017"]
[Site "Moscow RUS"]
[Date "2017.02.25"]
[Round "5.22"]
[White "Sindarov, Javokhir"]
[Black "Kjartansson, Gudmundur"]
[Result "0-1"]
[WhiteTitle "CM"]
[BlackTitle "IM"]
[WhiteElo "2374"]
[BlackElo "2464"]
[WhiteFideId "14205483"]
[BlackFideId "2301318"]
[EventDate "2017.02.21"]

1. e4 e6 2. d4 d5 3. exd5 exd5 4. Nf3 Bd6 5. Bd3 Nf6 6. O-O O-O 7. Bg5 Bg4 8.
Nbd2 Nbd7 9. c3 c6 10. Qc2 Qc7 11. Bf5 Bxf5 12. Qxf5 Rae8 13. Rae1 g6 14. Qh3
Rxe1 15. Rxe1 Re8 16. Qh4 Rxe1+ 17. Nxe1 Qd8 18. Kf1 h5 19. Nd3 Kg7 20. f3 Qb8
21. Kf2 Qe8 22. Bf4 Qe6 23. Bxd6 Qxd6 24. Qf4 Qxf4 25. Nxf4 g5 26. Nd3 Kg6 27.
Nb3 b6 28. Na1 Ne8 29. Nc2 f6 30. h4 gxh4 31. Nf4+ Kf5 32. Nh3 Ng7 33. Ne3+ Kg6
34. Nf4+ Kg5 35. Nh3+ Kg6 36. Nf4+ Kg5 37. Nh3+ Kh6 38. Nf4 Nf8 39. Nd3 Nfe6 40.
Nb4 Nd8 41. c4 dxc4 42. Nxc4 Nf5 43. d5 Ne7 44. dxc6 Ndxc6 45. Nd3 Nd5 46. Nd6
Ncb4 47. Nxb4 Nxb4 48. Nc8 Nc6 49. a3 Kg5 50. b4 b5 51. Nd6 Nd4 52. Nc8 a6 53.
Nd6 Nc2 54. Ne4+ Kf5 55. Nc5 Nxa3 56. Nxa6 Ke5 57. Ke3 Nc4+ 58. Kf2 Kd4 59. Kg1
Ne5 60. Kh2 Ng6 61. Kg1 Nf4 62. Kh1 Kc3 63. Kg1 Nd3 64. Kh2 Nf4 65. Kg1 Kb3 66.
Kh1 Kc3 67. Kg1 Kc4 68. Kh2 f5 69. Kh1 Nd5 70. Kh2 Nxb4 71. Nb8 Nd3 72. Nc6 b4
73. Kh3 Nf4+ 74. Kxh4 Nxg2+ 75. Kg3 b3 76. Na5+ Kc3 77. Nxb3 Kxb3 78. Kxg2 Kc3
79. Kg3 Kd3 80. Kf4 h4 0-1

[Event "Aeroflot Open B 2017"]
[Site "Moscow RUS"]
[Date "2017.02.25"]
[Round "5.23"]
[White "Ragnarsson, Dagur"]
[Black "Zakhartsov, Vladimir"]
[Result "1/2-1/2"]
[WhiteTitle "FM"]
[BlackTitle "IM"]
[WhiteElo "2276"]
[BlackElo "2453"]
[WhiteFideId "2304058"]
[BlackFideId "4145097"]
[EventDate "2017.02.21"]

1. e4 c5 2. Nf3 d6 3. d4 Nf6 4. Nc3 cxd4 5. Nxd4 a6 6. g3 e5 7. Nde2 Be7 8. Bg2
O-O 9. a4 b6 10. Nd5 Nbd7 11. O-O Nxd5 12. Qxd5 Rb8 13. Nc3 Bb7 14. Qd1 Rc8 15.
Re1 h6 16. Bh3 Rc7 17. Be3 Bc6 18. Qd3 Qa8 19. b4 Bb7 20. Nd5 Bxd5 21. exd5 Rb8
22. Ra3 a5 23. Bxd7 Rxd7 24. Rb1 Bg5 25. Bxg5 hxg5 26. g4 g6 27. Qb5 Rdd8 28.
Rc3 Rbc8 29. Rc6 Rxc6 30. dxc6 Rc8 31. bxa5 Qxa5 32. Rd1 Qc3 33. Rxd6 Qe1+ 34.
Kg2 Qe4+ 35. f3 Qxc2+ 36. Kg3 Qc3 37. Qd5 Qe1+ 38. Kg2 Qe2+ 39. Kg1 Qe1+ 40. Kg2
Kg7 41. Rd7 Qe2+ 42. Kg3 Qe1+ 43. Kg2 Qe2+ 44. Kg3 1/2-1/2

[Event "Aeroflot Open B 2017"]
[Site "Moscow RUS"]
[Date "2017.02.25"]
[Round "5.28"]
[White "Demianjuk, Alexander"]
[Black "Belyakov, Bogdan"]
[Result "1/2-1/2"]
[BlackTitle "IM"]
[WhiteElo "2297"]
[BlackElo "2487"]
[WhiteFideId "4134249"]
[BlackFideId "24104795"]
[EventDate "2017.02.21"]

1. d4 Nf6 2. c4 g6 3. g3 Bg7 4. Bg2 O-O 5. Nc3 d6 6. Nf3 c5 7. O-O Nc6 8. dxc5
dxc5 9. Be3 Qa5 10. Qb3 Qb4 11. Nd5 Nxd5 12. cxd5 Qxb3 13. axb3 Nd4 14. Nxd4
cxd4 15. Bf4 Bg4 16. Rfe1 a6 17. Bc7 Rac8 18. d6 exd6 19. Rac1 d3 20. exd3 Rfe8
21. Rxe8+ Rxe8 22. Bxb7 Bxb2 23. Rc2 Bh3 24. Ba5 Re5 25. Bc8 Rxa5 26. Bxh3 Be5
27. Bc8 Ra3 28. Bb7 Rxb3 29. Bxa6 1/2-1/2

[Event "Aeroflot Open B 2017"]
[Site "Moscow RUS"]
[Date "2017.02.25"]
[Round "5.30"]
[White "Kostenko, Petr"]
[Black "Mirzoyan, David"]
[Result "1/2-1/2"]
[WhiteTitle "GM"]
[BlackTitle "FM"]
[WhiteElo "2441"]
[BlackElo "2308"]
[WhiteFideId "13700669"]
[BlackFideId "13308386"]
[EventDate "2017.02.21"]

1. e4 e5 2. Nf3 Nc6 3. Bb5 a6 4. Ba4 Nf6 5. O-O Be7 6. Re1 b5 7. Bb3 d6 8. c3
O-O 9. d4 Bg4 10. Be3 exd4 11. cxd4 Na5 12. Bc2 c5 13. h3 Bh5 14. g4 Bg6 15.
Nbd2 Nd7 16. Rc1 Rc8 17. b3 Re8 18. Nf1 h6 19. Ng3 Bf6 20. Qd2 Nc6 21. Red1 cxd4
22. Nxd4 Nxd4 23. Bxd4 Nc5 24. Bb1 Bg5 25. Be3 Bxe3 26. Qxe3 Qe7 27. Kg2 Rcd8
28. f3 Qb7 29. h4 Rd7 30. Rd2 f6 31. Ne2 Nxe4 32. fxe4 Bxe4+ 33. Bxe4 Rxe4 34.
Qf3 Rxg4+ 35. Ng3 Qxf3+ 36. Kxf3 Rxh4 37. Rc6 a5 38. Nf5 Rh1 39. Rb6 Rf1+ 40.
Rf2 Rxf2+ 41. Kxf2 a4 42. Ke3 axb3 43. axb3 Kh7 44. b4 h5 45. Nxd6 Re7+ 46. Kd4
Re6 47. Kd5 Re5+ 48. Kc6 h4 49. Rxb5 h3 50. Nf5 h2 51. Rxe5 fxe5 52. Ng3 e4 53.
b5 e3 54. b6 e2 55. b7 e1=Q 56. b8=Q h1=Q+ 57. Nxh1 Qxh1+ 58. Kc5 Qe4 59. Qh2+
Kg6 60. Kd6 Kf5 61. Qh3+ Kg5 62. Qg3+ Kf6 63. Qf2+ Qf5 64. Qb2+ Kf7 65. Qa2+ Kg6
66. Qg2+ Qg5 67. Qe4+ Kh6 68. Qh1+ Qh5 69. Qc1+ g5 70. Qe3 Qg6+ 71. Ke7 Qf5 72.
Kd8 Kh5 73. Qe8+ Kg4 74. Qe1 Qf3 75. Qg1+ Kh4 76. Qh2+ Qh3 77. Qf2+ Qg3 78. Qd4+
Kh3 79. Qh8+ Kg2 80. Qb2+ Qf2 81. Qb7+ Qf3 82. Qb2+ Kg3 83. Qa1 Kh4 84. Qh8+ Qh5
85. Qe5 Qd1+ 86. Ke7 Qf3 87. Qh2+ Kg4 88. Qg1+ Kh4 89. Qh2+ Qh3 90. Qf2+ Qg3 91.
Qd4+ Qf4 92. Qh8+ Kg4 93. Qc8+ Kf3 94. Qa6 Qe3+ 95. Kf6 g4 96. Qf1+ Kg3 97. Kg6
Kh2 98. Qf5 g3 99. Qh5+ Kg1 100. Qd1+ Kf2 101. Qc2+ Qe2 102. Qc5+ Kf1 103. Qc1+
Kg2 104. Qc6+ Kh2 105. Qc7 Qg4+ 106. Kh6 Kh3 107. Qc3 Qf4+ 108. Kg6 Qe4+ 1/2-1/2

[Event "Aeroflot Open B 2017"]
[Site "Moscow RUS"]
[Date "2017.02.25"]
[Round "5.35"]
[White "Khalafova, Narmin"]
[Black "Odeev, Handszar"]
[Result "1/2-1/2"]
[WhiteTitle "WIM"]
[BlackTitle "GM"]
[WhiteElo "2250"]
[BlackElo "2397"]
[WhiteFideId "13402625"]
[BlackFideId "14000091"]
[EventDate "2017.02.21"]

1. e4 c5 2. Nf3 d6 3. Bb5+ Nd7 4. a4 Nf6 5. Nc3 e6 6. a5 a6 7. Bc4 Be7 8. O-O
Qc7 9. Re1 Ng4 10. d3 O-O 11. Nd2 Nge5 12. Bb3 Bf6 13. f4 Nc6 14. Nc4 Rb8 15.
Kh1 Nd4 16. Ba4 b5 17. axb6 Nxb6 18. e5 Bh4 19. exd6 Qd8 20. Nxb6 Rxb6 21. Re3
Qxd6 22. Rh3 Be7 23. Ne4 Qd5 24. c3 Nf5 25. Bc2 e5 26. fxe5 Qxe5 27. Qf1 Nh4 28.
Rg3 f5 29. Bf4 Qd5 30. Nd2 Rxb2 31. Re1 Ng6 32. Bb3 Rxb3 33. c4 Qb7 34. Nxb3
Qxb3 35. Rxg6 hxg6 36. Rxe7 Bb7 37. Qa1 Rf7 38. Re8+ Rf8 39. Re7 Rf7 40. Re8+
Rf8 41. Re7 Rf6 42. Re8+ Kf7 43. Qe1 Be4 44. Rd8 Re6 45. dxe4 Rxe4 46. Qa1 Rxf4
47. Rd7+ Ke8 48. Rd1 Re4 1/2-1/2

[Event "Aeroflot Open B 2017"]
[Site "Moscow RUS"]
[Date "2017.02.25"]
[Round "5.36"]
[White "Yeritsyan, Aram"]
[Black "Tunik, Gennady"]
[Result "1/2-1/2"]
[BlackTitle "GM"]
[WhiteElo "2182"]
[BlackElo "2395"]
[WhiteFideId "34161047"]
[BlackFideId "4101219"]
[EventDate "2017.02.21"]

1. e4 c5 2. Nf3 e6 3. d4 cxd4 4. Nxd4 a6 5. c4 Nf6 6. Nc3 Qc7 7. Be2 Bb4 8. Nc2
Be7 9. Be3 d6 10. O-O b6 11. Qd2 Bb7 12. f3 O-O 13. Nd4 Re8 14. Rfc1 Nbd7 15. a4
Nc5 16. b4 Ncd7 17. Bd1 Qb8 18. Nb3 d5 19. exd5 Bd6 20. f4 exd5 21. c5 bxc5 22.
bxc5 Ne4 23. Qd4 Be7 24. Rab1 Bc6 25. Nd2 Qc7 26. Ncxe4 dxe4 27. Qc4 Nf6 1/2-1/2

[Event "Aeroflot Open B 2017"]
[Site "Moscow RUS"]
[Date "2017.02.25"]
[Round "5.37"]
[White "Nikolenko, Oleg"]
[Black "Pujari, Rucha"]
[Result "1/2-1/2"]
[WhiteTitle "GM"]
[BlackTitle "WFM"]
[WhiteElo "2490"]
[BlackElo "2127"]
[WhiteFideId "4101880"]
[BlackFideId "5024528"]
[EventDate "2017.02.21"]

1. e4 e5 2. Nf3 Nc6 3. Bb5 a6 4. Ba4 Nf6 5. O-O Be7 6. Re1 b5 7. Bb3 d6 8. c3
Bg4 9. h3 Bxf3 10. Qxf3 Na5 11. Bc2 c5 12. d3 Nc6 13. Nd2 d5 14. exd5 Qxd5 15.
Ne4 Nxe4 16. dxe4 Qe6 17. Rd1 O-O 18. Be3 Bd6 19. a4 c4 20. Qf5 Qe7 21. Qg4 Kh8
22. Rd5 Rab8 23. axb5 axb5 24. Ra6 Qc7 25. Qd1 Rfd8 26. Bc5 Bf8 27. b4 cxb3 28.
Bxb3 Ne7 29. Bxe7 Bxe7 30. Qf3 f6 31. Rxd8+ Rxd8 32. Bd5 b4 33. cxb4 Bxb4 34.
Rxf6 Qc3 35. Qf5 Qc1+ 36. Kh2 Qf4+ 37. g3 Qxf5 38. Rxf5 Rf8 39. Rxe5 Rxf2+ 40.
Kh1 g6 41. Re8+ Kg7 42. e5 Kh6 43. Rb8 Bc5 44. h4 Kh5 45. Rb3 g5 46. e6 gxh4 47.
Bf3+ Kg5 48. Rb5 Rxf3 49. Rxc5+ Kf6 1/2-1/2

[Event "Aeroflot Open B 2017"]
[Site "Moscow RUS"]
[Date "2017.02.25"]
[Round "5.39"]
[White "Arabidze, Meri"]
[Black "Khomeriki, Nino"]
[Result "1/2-1/2"]
[WhiteTitle "IM"]
[BlackTitle "WIM"]
[WhiteElo "2383"]
[BlackElo "2317"]
[WhiteFideId "13604040"]
[BlackFideId "13603191"]
[EventDate "2017.02.21"]

1. e4 e5 2. Nf3 Nc6 3. Bb5 a6 4. Ba4 Nf6 5. O-O Be7 6. Re1 b5 7. Bb3 O-O 8. c3
d6 9. d3 Re8 10. Ng5 Rf8 11. Nf3 Re8 12. Bg5 Bf8 1/2-1/2

[Event "Aeroflot Open B 2017"]
[Site "Moscow RUS"]
[Date "2017.02.25"]
[Round "5.40"]
[White "Sigfusson, Sigurdur"]
[Black "Ovod, Evgenija"]
[Result "1/2-1/2"]
[WhiteTitle "FM"]
[BlackTitle "IM"]
[WhiteElo "2226"]
[BlackElo "2380"]
[WhiteFideId "2300168"]
[BlackFideId "4131827"]
[EventDate "2017.02.21"]

1. e4 e6 2. d4 d5 3. e5 c5 4. c3 Qb6 5. Nf3 Bd7 6. a3 Bb5 7. Bxb5+ Qxb5 8. a4
Qd7 9. O-O Nc6 10. dxc5 Bxc5 11. b4 Bb6 12. Nbd2 Nge7 13. b5 Na5 14. Ba3 O-O 15.
Bb4 Rfd8 16. Qe2 Ng6 17. g3 Rac8 18. Rfd1 Qc7 19. h3 Bc5 20. Rac1 Bxb4 21. cxb4
Qxc1 22. Rxc1 Rxc1+ 23. Kg2 Nc4 24. Nb3 Rb1 25. Nc5 Rxb4 26. Qe1 Rb2 27. Nxb7
Rd7 28. Nc5 Rc7 29. Na6 Rc8 30. Qc3 Rc2 31. Qd4 Nb6 32. a5 R2c4 33. Qb2 Rc2 34.
Qd4 1/2-1/2

[Event "Aeroflot Open B 2017"]
[Site "Moscow RUS"]
[Date "2017.02.25"]
[Round "5.42"]
[White "Martynyuk, Elizaveta"]
[Black "Alikulov, Elbek"]
[Result "1/2-1/2"]
[WhiteTitle "WFM"]
[BlackTitle "IM"]
[WhiteElo "2169"]
[BlackElo "2371"]
[WhiteFideId "24128511"]
[BlackFideId "14203308"]
[EventDate "2017.02.21"]

1. e4 c5 2. Nf3 d6 3. d4 cxd4 4. Nxd4 Nf6 5. Nc3 a6 6. Be3 e5 7. Nb3 Be6 8. f3
h5 9. Qd2 Nbd7 10. g3 Rc8 11. O-O-O Be7 12. Kb1 Qc7 13. Nd5 Nxd5 14. exd5 Bf5
15. Bd3 Bxd3 16. Qxd3 g6 17. c3 Qc4 18. Qd2 Bd8 19. Bg5 f6 20. Be3 a5 21. Qc2
Kf7 22. f4 f5 23. fxe5 dxe5 24. Rhf1 Nf6 25. Nd2 Qe2 26. Bg1 Re8 27. d6 Re6 28.
Qb3 b5 29. Nf3 Nd7 30. Qd5 Qc4 31. Rfe1 Bf6 32. Qd2 b4 33. cxb4 Qxb4 34. Qh6 Qg4
35. Qe3 Rb8 36. Qa7 Qa4 37. Rd5 e4 38. Nd4 e3 39. b3 Bxd4 40. Rxd4 Qc6 41. Rxe3
Ra8 42. Qc7 Rc8 43. Qxc6 Rxc6 44. Rxe6 Kxe6 45. Kb2 Rxd6 46. Rxd6+ Kxd6 47. Bd4
Kd5 48. Kc3 Ke4 49. Kc4 g5 50. a3 f4 51. gxf4 gxf4 52. b4 axb4 53. axb4 f3 54.
b5 Ne5+ 55. Kc3 h4 56. b6 Nc6 57. b7 Kf4 58. Kd3 Kg4 59. Bf2 Kh3 60. Ke3 Kxh2
61. Kxf3 Kh3 62. Ba7 Ne5+ 63. Ke4 Nd7 64. Kd5 Kg2 65. Kd6 h3 66. Kxd7 h2 67.
b8=Q h1=Q 68. Qg8+ Kh3 69. Qh7+ Kg2 70. Qe4+ Kh2 71. Bb8+ Kg1 72. Qd4+ Kg2 73.
Qe4+ Kg1 74. Qg4+ Qg2 75. Ba7+ Kh2 76. Qf4+ Qg3 77. Qd2+ Kh3 78. Bd4 Qg4+ 79.
Kd6 Qe4 80. Be5 Qg6+ 81. Kc5 Qe4 82. Qg5 Qc2+ 83. Kd5 Qg2+ 1/2-1/2